| 000 -LEADER |
| fixed length control field |
00638nam a2200217Ia 4500 |
| 001 - CONTROL NUMBER |
| control field |
1405 |
| 003 - CONTROL NUMBER IDENTIFIER |
| control field |
GE_BSU |
| 008 - FIXED-LENGTH DATA ELEMENTS--GENERAL INFORMATION |
| fixed length control field |
181216s||||||||xx |||||||||||||| ||und|| |
| 020 ## - INTERNATIONAL STANDARD BOOK NUMBER |
| International Standard Book Number |
5020099430 |
| 040 ## - CATALOGING SOURCE |
| Transcribing agency |
GE_BSU |
| 245 ## - TITLE STATEMENT |
| Title |
Этнография и смежные дисциплины |
| 245 ## - TITLE STATEMENT |
| Remainder of title |
Этнографические субдисциплины. Школы и напрвления. |
| 260 ## - PUBLICATION, DISTRIBUTION, ETC. |
| Place of publication, distribution, etc. |
Москва |
| 260 ## - PUBLICATION, DISTRIBUTION, ETC. |
| Name of publisher, distributor, etc. |
Наука |
| 260 ## - PUBLICATION, DISTRIBUTION, ETC. |
| Date of publication, distribution, etc. |
1988 |
| 300 ## - PHYSICAL DESCRIPTION |
| Extent |
222стр. |
| 653 ## - INDEX TERM--UNCONTROLLED |
| Uncontrolled term |
Этнография |
| 653 ## - INDEX TERM--UNCONTROLLED |
| Uncontrolled term |
Этнография и смежные дисциплины |
| 942 ## - ADDED ENTRY ELEMENTS (KOHA) |
| Koha item type |
წიგნი |